| Tag |
First Indicator |
Second Indicator |
Subfields |
| LEADER |
00000nam a2200000 4500 |
| 001 |
in00004338421 |
| 005 |
20200812100038.0 |
| 006 |
m g d |
| 007 |
cr bn |||a|bb| |
| 008 |
850718s1660 enk o o00| | eng d |
| 035 |
|
|
|a (UnM)99859434
|
| 037 |
|
|
|a CL0051000009
|b ProQuest Information and Learning. 300 N. Zeeb Rd., Ann Arbor, MI 48106
|
| 040 |
|
|
|a Cu-RivES
|c Cu-RivES
|d CStRLIN
|e dcrb
|d WaOLN
|
| 110 |
1 |
|
|a England and Wales.
|b Sovereign (1660-1685 : Charles II)
|
| 245 |
1 |
0 |
|a By the King. A proclamation for calling in, and suppressing of two books written by John Milton :
|b the one intituled, Johannis Miltoni Angli pro populo Anglicano defensio, contra Claudii Anonymi aliàs Salmasii, defensionem regiam ; and the other in answer to a book intituled, The pourtraicture of His Sacred Majesty in his solitude and sufferings. And also a third book intituled, The obstructors of justice, written by John Goodwin.
|
| 246 |
2 |
|
|a Proclamation for calling in and suppressing of two books written by John Milton
|
| 260 |
|
|
|a London :
|b Printed by John Bill and Christopher Barker, Printers to the Kings most Excellent Majesty,
|c 1660.
|
| 300 |
|
|
|a 1 online resource (1 sheet ([1] pages)
|
| 336 |
|
|
|a text
|b txt
|2 rdacontent
|
| 337 |
|
|
|a computer
|b c
|2 rdamedia
|
| 338 |
|
|
|a online resource
|b cr
|2 rdacarrier
|
| 500 |
|
|
|a Dated at end: Given at Our Court at Whitehall the 13th day of August, in the Twelfth year of Our Reign, 1660.
|
| 500 |
|
|
|a Annotation on Thomason copy: [Thomason 669.f.25[70], copy 2] "Aug 15".
|
| 500 |
|
|
|a Reproductions of the originals in the British Library.
|
| 510 |
4 |
|
|a Wing (2nd edition, 1994)
|c C3322.
|
| 510 |
3 |
|
|a Steele, I, 3239.
|
| 510 |
4 |
|
|a Thomason
|c 669.f.25[70].
|
| 533 |
|
|
|a Electronic reproduction.
|b Ann Arbor, Mich. :
|c UMI,
|d 1999-
|f (Early English books online)
|n Digital version of: (Thomason Tracts ; 247:669f25[70])
|7 s1999 miun s
|
| 600 |
1 |
0 |
|a Milton, John,
|d 1608-1674.
|t Eikonoklastēs in answer to a book intitl'd Eikōn basilikē the portrature His Sacred Majesty in his solitudes and sufferings.
|v Early works to 1800.
|
| 600 |
1 |
0 |
|a Goodwin, John,
|d 1594?-1665.
|t Hybristodikai. The obstructours of justice. Or a defence of the honourable sentence passed upon the late King, by the High Court of Justice.
|v Early works to 1800.
|
| 600 |
1 |
0 |
|a Milton, John,
|d 1608-1674.
|t Pro populo Anglicano defensio.
|v Early works to 1800.
|
| 600 |
1 |
0 |
|a Gauden, John,
|d 1605-1662.
|t Eikon basilike
|v Early works to 1800.
|
| 650 |
|
0 |
|a Prohibited books
|z England
|v Early works to 1800.
|
| 650 |
|
0 |
|a Censorship
|z England
|v Early works to 1800.
|
| 700 |
0 |
|
|a Charles
|b II,
|c King of England,
|d 1630-1685.
|
| 830 |
|
0 |
|a Early English books online.
|
| 856 |
4 |
0 |
|u http://proxy.library.tamu.edu/login?url=https://search.proquest.com/docview/2248516776
|z Connect to the full text of this electronic book
|t 0
|
| 999 |
f |
f |
|s c7043cbf-7aec-30d9-b284-a9c7188888ae
|i 39bea02e-deb9-3f2c-8b63-76b85cfeec63
|t 0
|
| 952 |
f |
f |
|a Texas A&M University
|b College Station
|c Electronic Resources
|d Available Online
|t 0
|h No information provided
|
| 998 |
f |
f |
|t 0
|l Available Online
|